[Event "Steinfurt Bezirksliga 0405"]
[Site "Germany"]
[Date "2005.05.21"]
[Round "9.8"]
[White "Hiller, Simon"]
[Black "Fredrich, Bjoern"]
[Result "1-0"]
[WhiteElo "1245"]
[BlackElo "1106"]
[PlyCount "33"]
[EventDate "2004.09.25"]
[EventType "team-tourn"]
[EventRounds "11"]
[EventCountry "GER"]
[SourceTitle "EXT 2006"]
[Source "ChessBase"]
[SourceDate "2005.11.24"]
[SourceVersion "1"]
[SourceVersionDate "2005.11.24"]
[SourceQuality "1"]
[WhiteTeam "Saerbeck III"]
[BlackTeam "Emsdetten Rochade II"]
[WhiteTeamCountry "GER"]
[BlackTeamCountry "GER"]

1. d4 d5 2. c4 Nf6 3. cxd5 Nxd5 4. Nf3 Nc6 5. e4 Nf6 6. d5 Na5 7. Qa4+ c6 8. b4 b5 9. Qxa5 Qd6 10. e5 Qxd5 11. exf6 Qe6+ 12. Be3 Qxf6 13. Bd4 Qe6+ 14. Be2 Qg6 15. Ne5 Qxg2 16. Bf3 Qg5 17. Bxc6+ 1-0

[Event "Steinfurt Bezirksklasse 0405"]
[Site "Germany"]
[Date "2005.01.29"]
[Round "6.7"]
[White "Poepper, Florian"]
[Black "Fredrich, Bjoern"]
[Result "1-0"]
[WhiteElo "989"]
[BlackElo "1111"]
[PlyCount "117"]
[EventDate "2004.09.18"]
[EventType "team-tourn"]
[EventRounds "11"]
[EventCountry "GER"]
[SourceTitle "EXT 2006"]
[Source "ChessBase"]
[SourceDate "2005.11.24"]
[SourceVersion "1"]
[SourceVersionDate "2005.11.24"]
[SourceQuality "1"]
[WhiteTeam "Steinfurt IV"]
[BlackTeam "Emsdetten Rochade IV"]
[WhiteTeamCountry "GER"]
[BlackTeamCountry "GER"]

1. e4 e5 2. Nf3 Nc6 3. Bb5 Nf6 4. d3 Bc5 5. Bxc6 dxc6 6. Nc3 Bg4 7. h3 Bh5 8. g4 Bg6 9. Nh4 Qd4 10. Be3 Qd6 11. Bxc5 Qxc5 12. Nxg6 hxg6 13. Qe2 Qb4 14. 0-0-0 Nd7 15. a3 Qd4 16. Qe3 Nc5 17. Qxd4 exd4 18. b4 Ne6 19. Ne2 c5 20. bxc5 Nxc5 21. Nxd4 0-0-0 22. c3 Na4 23. Ne2 Rd6 24. Kc2 Rb6 25. Rb1 Rxb1 26. Kxb1 Rd8 27. d4 Rd6 28. Kc2 c5 29. Kb3 Ra6 30. d5 b5 31. c4 bxc4+ 32. Kxc4 Kd7 33. Kb5 Rf6 34. Kxa4 Rxf2 35. Nc3 Rc2 36. Kb3 Rf2 37. Kc4 Rf3 38. Nb1 Kd6 39. a4 Rf4 40. Nd2 Rf2 41. Kd3 f5 42. Rf1 fxe4+ 43. Ke3 Rxf1 44. Nxf1 Kxd5 45. Ng3 c4 46. Nxe4 g5 47. Nxg5 Kc5 48. Ne6+ Kb4 49. Nxg7 c3 50. Nf5 c2 51. Kd2 Kb3 52. Ne3 Kxa4 53. g5 Kb3 54. g6 a5 55. Nxc2 a4 56. g7 a3 57. Nxa3 Kb2 58. g8Q Ka1 59. Qg1+ 1-0

[Event "Steinfurt Bezirksklasse 0405"]
[Site "Germany"]
[Date "2004.12.04"]
[Round "5.6"]
[White "Schroerluecke, Dieter"]
[Black "Fredrich, Bjoern"]
[Result "1/2-1/2"]
[WhiteElo "1292"]
[BlackElo "1111"]
[PlyCount "81"]
[EventDate "2004.09.18"]
[EventType "team-tourn"]
[EventRounds "11"]
[EventCountry "GER"]
[SourceTitle "EXT 2006"]
[Source "ChessBase"]
[SourceDate "2005.11.24"]
[SourceVersion "1"]
[SourceVersionDate "2005.11.24"]
[SourceQuality "1"]
[WhiteTeam "Ibbenbueren III"]
[BlackTeam "Emsdetten Rochade IV"]
[WhiteTeamCountry "GER"]
[BlackTeamCountry "GER"]

1. e4 e5 2. Nf3 Nc6 3. Bc4 Qf6 4. d3 h6 5. Nc3 Nge7 6. h3 d6 7. 0-0 Bd7 8. a3 0-0-0 9. Nd5 Qg6 10. Nh4 Qe6 11. Nb6+ cxb6 12. Bxe6 Bxe6 13. f4 d5 14. f5 Bd7 15. Qf3 Nd4 16. Qf2 Ba4 17. b3 Bc6 18. Bb2 dxe4 19. Bxd4 exd4 20. f6 e3 21. Qe2 Nd5 22. fxg7 Nc3 23. Qg4+ Bd7 24. Qxd7+ Kxd7 25. gxh8Q Ne2+ 26. Kh1 Ng3+ 27. Kg1 Ne2+ 28. Kh1 Ng3+ 29. Kh2 Nxf1+ 30. Rxf1 Bd6+ 31. g3 Rxh8 32. Rxf7+ Ke6 33. Rf1 e2 34. Re1 Bxa3 35. Rxe2+ Kd5 36. Ng6 Rc8 37. Nf4+ Kd6 38. Ne6 Bb2 39. Nf4 a5 40. Kg2 b5 41. g4 1/2-1/2

[Event "Steinfurt Bezirksklasse 0405"]
[Site "Germany"]
[Date "2004.11.27"]
[Round "4.6"]
[White "Fredrich, Bjoern"]
[Black "Altenaehr, Johannes"]
[Result "0-1"]
[WhiteElo "1111"]
[BlackElo "1423"]
[PlyCount "94"]
[EventDate "2004.09.18"]
[EventType "team-tourn"]
[EventRounds "11"]
[EventCountry "GER"]
[SourceTitle "EXT 2006"]
[Source "ChessBase"]
[SourceDate "2005.11.24"]
[SourceVersion "1"]
[SourceVersionDate "2005.11.24"]
[SourceQuality "1"]
[WhiteTeam "Emsdetten Rochade IV"]
[BlackTeam "Rheine CC"]
[WhiteTeamCountry "GER"]
[BlackTeamCountry "GER"]

1. e4 g6 2. d4 Bg7 3. Nf3 c5 4. Be3 Nc6 5. Nc3 cxd4 6. Nxd4 Qa5 7. Bc4 e5 8. Nf3 Nf6 9. 0-0 Qb4 10. Bb3 Nxe4 11. Qd3 Nxc3 12. bxc3 Qe7 13. Ng5 f6 14. Ne4 b6 15. Nd6+ Kf8 16. Rad1 Na5 17. Bf7 Nb7 18. Qd5 Qxd6 19. Qb3 Qe7 20. Bd5 Na5 21. Qb5 Rb8 22. Qd3 Nb7 23. Rfe1 Nc5 24. Qe2 Bb7 25. Bc4 Ne4 26. Rd3 Nd6 27. Bb3 Ba6 28. c4 Nxc4 29. Rc3 Nxe3 30. Qxa6 Nf5 31. Qxa7 Rd8 32. Rc7 Qd6 33. c3 Bh6 34. Re4 Qd2 35. g3 Qc1+ 36. Kg2 Qb1 37. Kf3 Qh1+ 38. Ke2 Qxe4+ 39. Kf1 Qd3+ 40. Kg2 Qe4+ 41. Kg1 Qe1+ 42. Kg2 Ne3+ 43. Kf3 e4+ 44. Kxe4 Ng4+ 45. Kd3 Nxf2+ 46. Kc2 Qd1+ 47. Kb2 Qc1# 0-1

[Event "Steinfurt Bezirksklasse 0405"]
[Site "Germany"]
[Date "2004.11.13"]
[Round "3.7"]
[White "Lueger, Melanie"]
[Black "Fredrich, Bjoern"]
[Result "0-1"]
[WhiteElo "926"]
[BlackElo "1111"]
[PlyCount "66"]
[EventDate "2004.09.18"]
[EventType "team-tourn"]
[EventRounds "11"]
[EventCountry "GER"]
[SourceTitle "EXT 2006"]
[Source "ChessBase"]
[SourceDate "2005.11.24"]
[SourceVersion "1"]
[SourceVersionDate "2005.11.24"]
[SourceQuality "1"]
[WhiteTeam "Westerkappeln II"]
[BlackTeam "Emsdetten Rochade IV"]
[WhiteTeamCountry "GER"]
[BlackTeamCountry "GER"]

1. e4 e5 2. Nf3 Nc6 3. Bc4 Nf6 4. d3 Bc5 5. Nc3 0-0 6. 0-0 h6 7. Qe2 d6 8. Re1 Bg4 9. Be3 Bd4 10. Nd5 Bxb2 11. Rab1 Bd4 12. Rxb7 a6 13. Nxc7 Ra7 14. Reb1 Qe7 15. Bxa6 Rc8 16. Nb5 Rxb7 17. Bxb7 Qxb7 18. Qd1 Ra8 19. Nxd6 Qe7 20. Nc4 Rxa2 21. Qd2 Kh7 22. h3 Bxf3 23. gxf3 Nh5 24. Kh2 Qh4 25. Nd6 Qf6 26. Nf5 Bxe3 27. fxe3 g6 28. Qg2 gxf5 29. Rg1 Ra8 30. exf5 Qxf5 31. e4 Qf4+ 32. Kh1 Nd4 33. c3 Nxf3 0-1

[Event "Steinfurt Bezirksklasse 0304"]
[Site "Germany"]
[Date "2004.05.29"]
[Round "11.8"]
[White "Fredrich, Bjoern"]
[Black "Broeker, Sebastian"]
[Result "0-1"]
[WhiteElo "1106"]
[BlackElo "1158"]
[PlyCount "76"]
[EventDate "2003.09.27"]
[EventType "team-tourn"]
[EventRounds "11"]
[EventCountry "GER"]
[SourceTitle "EXT 2005"]
[Source "ChessBase"]
[SourceDate "2004.11.15"]
[SourceVersion "1"]
[SourceVersionDate "2004.11.15"]
[SourceQuality "1"]
[WhiteTeam "Emsdetten Rochade IV"]
[BlackTeam "Nordwalde III"]
[WhiteTeamCountry "GER"]
[BlackTeamCountry "GER"]

1. e4 e6 2. d4 d5 3. Nc3 Bb4 4. Bd2 c5 5. Nf3 Qb6 6. exd5 Bxc3 7. Bxc3 exd5 8. Ne5 Be6 9. Be2 Nf6 10. 0-0 0-0 11. Qd2 Ne4 12. dxc5 Nxd2 13. cxb6 Nxf1 14. Rxf1 Nc6 15. Bd3 f6 16. Nxc6 bxc6 17. b7 Rab8 18. Ba6 c5 19. Re1 Bd7 20. Re7 Bf5 21. Rc7 Rbd8 22. Rxc5 Rd6 23. Bb5 Rb8 24. Bc6 Bxc2 25. Ba5 Rxc6 26. Rxc6 Bf5 27. Rc7 d4 28. b4 Rd8 29. b5 h6 30. Re7 Rb8 31. Bd2 Kf8 32. Bb4 d3 33. Bd6 d2 34. Rd7+ Ke8 35. Re7+ Kd8 36. h3 d1Q+ 37. Kh2 Qxd6+ 38. g3 Kxe7 0-1

[Event "Steinfurt Bezirksklasse 0304"]
[Site "Germany"]
[Date "2003.12.06"]
[Round "4.8"]
[White "Fredrich, Bjoern"]
[Black "Sperling, Guenther"]
[Result "0-1"]
[WhiteElo "1106"]
[BlackElo "1271"]
[PlyCount "64"]
[EventDate "2003.09.27"]
[EventType "team-tourn"]
[EventRounds "11"]
[EventCountry "GER"]
[SourceTitle "EXT 2005"]
[Source "ChessBase"]
[SourceDate "2004.11.15"]
[SourceVersion "1"]
[SourceVersionDate "2004.11.15"]
[SourceQuality "1"]
[WhiteTeam "Emsdetten Rochade IV"]
[BlackTeam "Reckenfeld II"]
[WhiteTeamCountry "GER"]
[BlackTeamCountry "GER"]

1. e4 e5 2. Nc3 Nf6 3. Nf3 d6 4. b3 Nc6 5. Bb2 a6 6. d4 exd4 7. Nxd4 Nxd4 8. Qxd4 Be7 9. Be2 c5 10. Qe3 0-0 11. 0-0 Bd7 12. Rad1 Qc7 13. Nd5 Nxd5 14. Rxd5 Be6 15. Rg5 Bxg5 16. Qxg5 f6 17. Bxf6 Rxf6 18. Re1 Raf8 19. Rf1 Rg6 20. Qh4 Qd8 21. Qh5 Rh6 22. Qxh6 gxh6 23. g3 d5 24. e5 d4 25. Bd3 Qd5 26. Re1 Bh3 27. Be4 Qf7 28. Re2 Bg4 29. Rd2 Qe6 30. Bxb7 Qxe5 31. Kf1 Bh3+ 32. Kg1 Qe1# 0-1